Loading...
ഏകാന്ത നഗരങ്ങൾ
| Main Author: | |
|---|---|
| Other Authors: | |
| Format: | Printed Book |
| Published: |
Kottayam
DC Books
2006
|
| Subjects: |
| LEADER | 00558cam a2200169ua 4500 | ||
|---|---|---|---|
| 020 | |a 81-264-1290-9 | ||
| 082 | |a 810.95 |b RAJ/E | ||
| 100 | 0 | |a രാജശേഖരൻ,പി.കെ | |
| 245 | 1 | 0 | |a ഏകാന്ത നഗരങ്ങൾ |
| 260 | |a Kottayam |b DC Books |c 2006 | ||
| 300 | |a 332p. | ||
| 650 | 0 | |a Ekantha nagarangal | |
| 650 | 0 | |a Post modernism- literary criticism | |
| 700 | |a Rajasekharan, P. K. | ||
| 942 | |c BK | ||
| 999 | |c 15850 |d 15850 | ||
| 952 | |0 0 |1 0 |4 0 |6 810_950000000000000_RAJE |7 0 |9 16523 |a KUCL |b KUCL |d 2014-05-23 |l 0 |o 810.95 RAJ/E |p 18010 |r 2014-05-23 |y BK | ||